000 00954nam a22002657a 4500
001 8530
003 FISKH
005 20250918100302.0
008 250918b cb ||||| |||| 00| 0 eng d
040 _aFISKH
_beng
_cFISKH
_dFISKH
082 _a613
100 _aGaskin, John
245 _aMoving /
_cJohn Gaskin ; Dr Alan Maryon-Davis
260 _aLondon :
_bFranklin Watts,
_c1984.
300 _a32 pages :
_bcolor illustrations ;
_c26 cm
505 _aR
520 _aThis new series of six books provides a straightforward and uncomplicated introduction to the body and its systems. Illustrated throughout with full color artwork,each book includes practical projects, a glossary and index.
521 8 _a700
_bLexile estimate
521 8 _aR
_bRaz-Plus
650 _aHuman body
_vJuvenile literature
650 _a Movement
_vJuvenile literature
650 _aMuscles
_vJuvenile literature
942 _2ddc
_cBK
_n0
999 _c8530
_d8530